Element Etymologies: Places - Statistics

General Stats
  • This quiz has been taken 960 times
    591 since last reset
  • The average score is 13 of 33
Answer Stats
Type of Place
Place Element % Correct
Country or Continent (disputed) America Americium
84%
State in the US California Californium
83%
Continent Europe Europium
78%
Country France Francium
75%
Country Germany Germanium
71%
City in Russia Moscow Moscovium
64%
Village in Sweden Ytterby Yttrium
53%
City or University in the US Berkeley Berkelium
52%
Roman Province Gaul Gallium
51%
Village in Sweden Ytterby Ytterbium
51%
State in the US Tennessee Tennessine
50%
City in France (Latin name) Lutetia (Paris) Lutetium
47%
Country Poland Polonium
47%
Village in Sweden Ytterby Erbium
43%
Country or River (indirectly) India Indium
43%
Village in Sweden Ytterby Terbium
41%
Country (Endonym) Nihon (Japan) Nihonium
38%
City in Sweden (Latin name) Holmia (Stockholm) Holmium
37%
City in Germany Darmstadt Darmstadtium
35%
City in Denmark (Latin name) Hafnia (Copenhagen) Hafnium
35%
State in Germany Hesse Hassium
26%
Research Laboratory in the US Lawrence Livermore National Laboratory Livermorium
26%
Country Cyprus Copper
25%
River Rhine Rhenium
25%
Country (Latin name) Ruthenia (Russia) Ruthenium
24%
Supranational Region Scandinavia Scandium
23%
Town in Russia Dubna Dubnium
21%
Research Laboratory in Russia Flerov Laboratory of Nuclear Reactions Flerovium
14%
Village in Scotland Strontian Strontium
12%
Ancient Island (exact location disputed) Thule Thulium
11%
District in Greece Magnesia Magnesium
9%
District in Greece Magnesia Manganese
8%
City in India Belur Beryllium
6%
No matching quizzes found
Score Distribution
Percent of People with Each Score
Percentile by Number Answered
Your Score History
You have not taken this quiz since the last reset